00294nam a2200121Ia 45000030006000000080041000060400015000471000019000622450053000812600009001345460012001430050017001550STCL150530s9999 xx 000 0 und d aSTCLcSTCL aMajumdar, R.C. aHistory of the freedom movement in India vol III c1963 aEnglish20220125171450.0